000 00379nam a2200145 4500
999 _c4750
_d4750
008 200828b ||||| |||| 00| 0 eng d
082 0 0 _a517.3
_bN2183
100 _93786
_aNarayan, Shanti
245 1 0 _aIntegral calculus /
_cby Shanti Narayan
250 _a9th rev ed.
260 _aDelhi:
_bS.Chand,
_c1993.
300 _aviii, 350 p.
650 0 _aMathematics
942 _2ddc
_cBK